00325nam a22001217a 4500020001600000082001600016100002700032245004100059250000800100260006300108300000900171650002300180 a8180611094  a574.192 MAL aMalhothra, Varun Kumar a Practical Biochemistry for Students a4th aNew DelhibJapee Brothers Medical Publishers Pvt Ltdc2003 a128p aChemistry,medicine